000 01464pam a2200409 a 4500
001 2525946
003 OSt
005 20140310181924.0
008 931213s1994 nyua j 001 0 eng
010 _a 93049351
020 _a0590493582 :
_c$19.95
040 _aDLC
_cDLC
_dDLC
042 _alcac
050 0 0 _aQA 11
_b.Z 53 1994
082 0 0 _aTRM 372.7
_bZ4 1997
100 1 _aZeman, Anne,
_d1951-
_92141
245 1 0 _aEverything you need to know about math homework /
_cAnne Zeman and Kate Kelly.
260 _aNew York :
_bScholastic Reference,
_cc1994.
300 _a136 p. :
_bill. ;
_c28 cm.
490 1 _aScholastic homework reference series
500 _a"An Irving Place Press book."
500 _a"In collaboration with UFT Dial-A-Teacher"--Cover.
500 _aIncludes index.
521 0 _aFourth to sixth grades.
_bLexile
521 1 _aFaculty
541 _j1
562 _e1
650 0 _aMathematics
_xStudy and teaching
_xJuvenile literature.
_92142
650 0 _aHomework
_xJuvenile literature.
_92143
650 1 _aMathematics.
_9210
650 1 _aHomework.
_92144
700 1 _aKelly, Kate,
_d1958-
_92145
800 1 _aZeman, Anne,
_d1951-
_tScholastic homework reference series.
_92146
906 _a7
_bcbc
_corignew
_d1
_eocip
_f19
_gy-gencatlg
942 _2lcc
_cBK-TR
_kTRM
999 _c7121
_d7121